| 000 | 00377nam a2200145 a 4500 | ||
|---|---|---|---|
| 001 | 1361 | ||
| 003 | CDMR | ||
| 005 | 20130717125944.0 | ||
| 008 | 130130s1972||||||||||||||||||||||||||||d | ||
| 040 |
_aCDMR _bcat _cCPC GIRONA |
||
| 100 | 1 |
_aArce, Carlos de _91057 |
|
| 245 | 1 | 0 |
_aGrandeza y servidumbre de 20 premios Planeta _cDe Arce, Carlos |
| 260 |
_c1972 _bPicazo |
||
| 942 |
_cMON _2udc |
||
| 999 |
_c1361 _d1361 |
||